Sports Quiz

Random Sports or Europe Quiz

Champions of Europe Quiz Stats

 Plays Quiz not verified by Sporcle

Score 0/62 Timer 10:00
0 Plays Today
Year Team % Correct
1955-56Real Madrid
100%
1956-57Real Madrid
100%
1957-58Real Madrid
100%
1958-59Real Madrid
100%
1959-60Real Madrid
100%
1965-66Real Madrid
100%
1997-98Real Madrid
100%
1999-00Real Madrid
100%
2001-02Real Madrid
100%
2013-14Real Madrid
100%
2015-16Real Madrid
100%
2016-17Real Madrid
100%
1976-77Liverpool
99.1%
1977-78Liverpool
99.1%
1980-81Liverpool
99.1%
1983-84Liverpool
99.1%
2004-05Liverpool
99.1%
1962-63AC Milan
97.2%
1967-68Manchester United
97.2%
1968-69AC Milan
97.2%
1973-74Bayern Munich
97.2%
1974-75Bayern Munich
97.2%
1975-76Bayern Munich
97.2%
1988-89AC Milan
97.2%
1989-90AC Milan
97.2%
1993-94AC Milan
97.2%
1998-99Manchester United
97.2%
2000-01Bayern Munich
97.2%
2002-03AC Milan
97.2%
2006-07AC Milan
97.2%
2007-08Manchester United
97.2%
Year Team % Correct
2011-12Chelsea
97.2%
2012-13Bayern Munich
97.2%
1991-92Barcelona
96.3%
2005-06Barcelona
96.3%
2008-09Barcelona
96.3%
2010-11Barcelona
96.3%
2014-15Barcelona
96.3%
1963-64Internazionale
94.4%
1964-65Internazionale
94.4%
2009-10Internazionale
94.4%
1978-79Nottingham Forest
92.5%
1979-80Nottingham Forest
92.5%
1984-85Juventus
91.6%
1995-96Juventus
91.6%
1986-87Porto
90.7%
2003-04Porto
90.7%
1970-71Ajax
85%
1971-72Ajax
85%
1972-73Ajax
85%
1994-95Ajax
85%
1981-82Aston Villa
82.2%
1966-67Celtic
81.3%
1960-61Benfica
72%
1961-62Benfica
72%
1992-93Marseille
69.2%
1996-97Borussia Dortmund
69.2%
1982-83Hamburg
57.9%
1990-91Red Star Belgrade
50.5%
1969-70Feyenoord
47.7%
1987-88PSV Eindhoven
37.4%
1985-86Steaua București
33.6%

You're not logged in!

Compare scores with friends on all Sporcle quizzes.
OR
Log In

Show Comments

Extras

Top Quizzes Today


Score Distribution

Your Account Isn't Verified!

In order to create a playlist on Sporcle, you need to verify the email address you used during registration. Go to your Sporcle Settings to finish the process.

Report this User

Report this user for behavior that violates our Community Guidelines.

Details: